000 00688nam a2200205Ii 4500
003 JO-AjNU
008 230605s9999||||xx |||||||||||||| ||und||
040 _aJO-AjNU
_bara
_erda
_cJO-AjNU
041 _aara
050 1 4 _aBP173.753.N3288 1986
100 3 _aالنبهان، محمد فاروق,
_eauthor
_99784
245 0 0 _aأبحاث في الإقتصاد الإسلامي
250 _aط1
264 3 1 _aبيروت: مؤسسة الرسالة للطباعة والنشر والتوزيع، 1986
300 _a134ص
336 _atext
_btxt
_2rdacontent
337 _aunmediated
_bn
_2rdamedia
338 _avolume
_bnc
_2rdacarrier
650 4 _aالاسلام والاقتصاد
_99785
999 _aA1476
_c5044
_d5044